000 00458nam a2200157Ia 4500
008 210716s2004 xx 000 0 und d
020 _a8178080745
041 _aeng
082 _a621.367 EFFN
100 _aEfford, Nick.
245 _aDigital image processing: a practical introduction using java.
_bPractical introduction using java.
250 _a1
260 _aNew Delhi
_bPearson Education
_c2004
300 _axxiii,340
650 _aDigital Systems
999 _c186128
_d186128